01109nas a2200325 4500001001000000003000900010005001700019007000300036008003400039040005400073041000900127072001300136100001700149100002100166100002200187100002300209100001800232100001700250100001900267245007800286650001000364650001800374650002400392650003000416773009900446909004000545942001800585999001900603952016100622BR0403252BR-BrBNA20231205104641.0ta230509b bl.|||p| |||| 00| 00por d aBR-BrBNAbporcBiblioteca Nacional de Agricultura a(Pt) aQ03; Q041 aMendes, E.S.1 aMendes, P. de P.1 aLopes, C.A. de M.1 aCoelho, M.I. de S.1 aSouza, J.C.R.1 aCruz, M.C.S.1 aAssis, A.S. de1 aSazonalidade dos microrganismos em ostras consumidas na Grande Recife, PE aOSTRA aMICRORGANISMO aANÁLISE QUÍMICA aMICROBIOLOGIA DE ALIMENTO0 tHigiene Alimentar (Brazil)xISSN 0101-9171g(Jan-Feb 2004), v. 18(116-117) p. 79-87wBR0403252 a202311bLúciac55dLúcia Elande 2AGRISn0cANA c179117d179117 002AGRIS4071a41918b41918cPeriódicos Agrícolash(Jan-Feb 2004), v. 18(116-117) p. 79-87l0r2023-11-29t01yCRePortaria Interministerial nº 164/94